000 00324pab a2200133 454500
008 180718b xxu||||| |||| 00| 0 eng d
100 _aQureshy, Ahtesham
245 _aEnvironmental Protection involves all
650 _a Rio Summit
650 _a Earth
650 _aEnvironment
773 _aHindustan Times
909 _a21741
999 _c21741
_d21741